书目信息 |
| 题名: |
斯大林在第十七次党代表大会上关于联共中央工作的总结报告
|
|
| 作者: | ||
| 分册: | ||
| 出版信息: | 1934 |
|
| 页数: | 93页 | |
| 开本: | 21cm | |
| 丛书名: | ||
| 单 册: | ||
| 中图分类: | A319 | |
| 科图分类: | ||
| 主题词: | 斯大林著作--选集 , 斯大林著作--文集 | |
| 电子资源: | ||
| ISBN: | ||
| 000 | 00540nam0 2200169 450 | |
| 001 | 0659618609 | |
| 005 | 20060719163501.00 | |
| 100 | @a20060719d1934 km y0chiy0120 ea | |
| 101 | 0 | @achi |
| 200 | 1 | @a斯大林在第十七次党代表大会上关于联共中央工作的总结报告@Asi da lin zai di shi qi ci dang dai biao da hui shang guan yu lian gong zhong yang gong zuo de zong jie bao gao |
| 210 | @d1934 | |
| 215 | @a93页@d21cm | |
| 606 | 0 | @a斯大林著作@x选集 |
| 606 | 0 | @a斯大林著作@x文集 |
| 690 | @aA319@v3 | |
| 801 | 0 | @aCN@bPFT@c20060719 |
| 905 | @a10447@dA319@e10 | |
| 斯大林在第十七次党代表大会上关于联共中央工作的总结报告.-1934 |
| 93页;21cm |
| ISBN : |
| ● |
| 相关链接 |
|
|
|
|
正题名:斯大林在第十七次党代表大会上关于联共中央工作的总结报告
索取号:A319/10
 
预约/预借
| 序号 | 登录号 | 条形码 | 馆藏地/架位号 | 状态 | 备注 |
| 1 | 0424722 | 204247225 | 密集书库/ [索取号:A319/10] | 在馆 |